000 00765nam a2200217 a 4500
005 20140412111329.0
008 021209s19uu xx 00 eng d
020 _a0-590-21103-X
050 _aTR(PS E
_bGe26 1998
050 _aER
_bGe26 1998
100 _aMunsch, Robert
245 _aGet out of bed! /
_cRobert Munsch; illustrated by Alan Lea Daniel.
260 _aNew York :
_bScholastic Inc,
_c1998.
300 _a1 v. (unp.) ; ill.
520 _aWhen Amy won't get out of bed, her parents don't know what to do. Amy's brother comes up with a wacky solution that gets Amy to school on time--but will her school ever be the same?
650 _aChildren stories
650 _aSleeping--Fiction
999 _c104824
_d104824